000 00286nam a2200121Ia 4500
008 190216s9999||||xx |||||||||||||| ||und||
100 _aSherlekar S A
245 0 _aMarketing Management
260 _bHimalaya Publishing House
_c2000
300 _a556p
650 _aCommerce
942 _cBK
999 _c5921
_d5921